Pobreza y desigualdad en América Latina: temas y nuevos desafíos

Na minha lista:
Detalhes bibliográficos
Autor principal: Tokman, Víctor E. (compilador)
Outros Autores: O'Donnell, Guillermo A. (compilador)
Formato: Livro
Idioma:espanhol
Publicado em: Buenos Aires Paidós 1999
Colecção:Latinoamericana, 6
Assuntos:
Tags: Adicionar Tag
Sem tags, seja o primeiro a adicionar uma tag!

MARC

LEADER 00000nam a2200000 a 4500
001 UCO5917
003 CL-VaPUC
005 20220920111801.0
008 000922e19990000AG |||||||||||||||||spa|d
999 |c 291736  |d 291734 
020 |a 9501289060 
040 |c Pontificia Universidad Católica de Valparaíso 
082 0 4 |a 305  |b TOK  |2 21 
100 1 |a Tokman, Víctor E.  |e compilador  |9 876833 
245 1 0 |a Pobreza y desigualdad en América Latina: temas y nuevos desafíos 
260 |a Buenos Aires  |b Paidós  |c 1999 
300 |a 282 p 
490 0 |a Latinoamericana, 6 
583 |a last modification  |c 20000922 00:00:00  |k Rodrigo Vera 
650 7 |a POLITICA SOCIAL AMERICA LATINA  |2 CL-VaPUC  |9 450712 
650 0 |a Desigualdad social  |9 349409 
650 0 |a Pobreza  |9 258652 
650 0 |a Problemas sociales  |9 258537 
700 |a O'Donnell, Guillermo A.  |e compilador  |9 450711 
942 |c BK  |2 ddc 
945 |d 20000922 00:00:00  |a vberengu 
952 |0 0  |1 0  |4 0  |6 305_000000000000000_TOK_1999  |7 0  |8 A  |9 341899  |a BIBGIM  |b BIBGIM  |d 2019-11-20  |i 3647153  |l 1  |o 305 TOK 1999  |p 3647153  |r 2025-01-15  |s 2024-09-04  |w 2019-11-20  |y BK  |k GIM 
952 |0 0  |1 0  |4 0  |6 305_000000000000000_TOK_1999  |7 0  |8 A  |9 341900  |a BIBEDU  |b BIBEDU  |d 2019-11-20  |i 4364848  |o 305 TOK 1999  |p 4364848  |r 2019-11-20  |w 2019-11-20  |y BK  |k PSI